000 00300nam a22001217a 4500
008 170315b xxu||||| |||| 00| 0 eng d9781118700679
041 _aeng
080 _a611
100 _a7
101 _aSHM
245 _aQ BRIEF ATLAS THE SKELETION AND SURFACE ANATOMY
_cTORTORA.G.J
942 _2udc
_cBK
999 _c7912
_d7912